Il traguardo dell'adozione e le sue sfide (Record n. 210422)

Dettagli MARC
000 -LEADER
fixed length control field 02014nam a2200205Ia 4500
001 - CONTROL NUMBER
control field b6605-47463
003 - CONTROL NUMBER IDENTIFIER
control field IT-MiCISF
008 - FIXED-LENGTH DATA ELEMENTS--GENERAL INFORMATION
fixed length control field 161014s9999||||xx |||||||||||||| ||und||
040 ## - CATALOGING SOURCE
Original cataloging agency IT-MiCISF
Transcribing agency IT-MiCISF
041 ## - LANGUAGE CODE
Language code of text/sound track or separate title it
999 ## - SYSTEM CONTROL NUMBERS (KOHA)
Koha Dewey Subclass [OBSOLETE] si
100 ## - MAIN ENTRY--PERSONAL NAME
Personal name Tarroni Nadia
245 #0 - TITLE STATEMENT
Title Il traguardo dell'adozione e le sue sfide
Remainder of title Una ricerca sulle famiglie adottive ferraresi
250 ## - EDITION STATEMENT
Edition statement 1a ed.
260 ## - PUBLICATION, DISTRIBUTION, ETC. (IMPRINT)
Place of publication, distribution, etc. Milano
Name of publisher, distributor, etc. Franco Angeli
Date of publication, distribution, etc. 2009
300 ## - PHYSICAL DESCRIPTION
Extent pp. 158
500 ## - GENERAL NOTE
General note In appendice questionario dell'indagine / adozione, territorio, famiglia-adottiva, esperienze, rapporti-genitori-figli, scuola / Il volume espone i principali esiti di una ricerca condotta sulle adozioni nazionali e internazionali concluse a Ferrara negli ultimi quindici anni. Muovendo dai risultati ottenuti dall'analisi delle diverse esperienze delle famiglie adottive ferraresi, attualmente impegnate ad affrontare fasi differenti del proprio ciclo vitale, lo studio vuole approfondire gli aspetti che attribuiscono all'evento adozione una dimensione propria di rischio, connessa alle molteplici sfide che esso impone alla famiglia e ai suoi singoli membri, nelle diverse tappe del suo percorso. Partendo da una interpretazione del rischio come prodotto del rapporto fra la quantità di risorse attuali e potenziali (di tipo affettivo, emotivo, materiale e organizzativo) possedute dalla coppia e le sfide che essa dovrà affrontare, si focalizza l'attenzione sulla complessa fase dell'ingresso dei figli nell'età dell'adolescenza. L'indagine mette in evidenza la distinzione di due modalità specifiche di transizione in questa delicata fase dell'esistenza, e di connessione con il processo di legittimazione genitoriale, fra madri e padri, secondo le rispettive appartenenze di genere, mettendo in luce l'intrinseca complementarietà delle risorse che la coppia può mettere in campo durante il proprio percorso familiare.
650 ## - SUBJECT ADDED ENTRY--TOPICAL TERM
Topical term or geographic name as entry element Genitorialità e problemi educativi / adozione-affido
Relator term 004
942 ## - ADDED ENTRY ELEMENTS (KOHA)
Koha item type LIBRO
957 ## -
-- 1
999 ## - SYSTEM CONTROL NUMBERS (KOHA)
-- 1
Dati di copia
Withdrawn status Lost status Damaged status Not for loan Home library Current library Date acquired Total Checkouts Full call number Date last seen Price effective from Koha item type Public note
    Buone Condizioni Not For Loan CISF - Milano CISF - Milano 14/10/2016   b6605-47463 14/10/2016 14/10/2016 LIBRO Data import 15.10.2016 / by Epidotti, Vaglietti
CREDITS: SOCIETA' SAN PAOLO Via A.Severo, 58 - ROMA (RM) & PERIODICI SAN PAOLO SRL Via Giotto, 36 MILANO & CISF Via Giotto, 36 MILANO & EDIZIONI SAN PAOLO SRL,  Piazza Soncino, 5 CINISELLO BALSAMO (MI) -- ITALY